| 000 | 01037nam a2200217 a 4500 | ||
|---|---|---|---|
| 001 | BRCA_8953 | ||
| 005 | 20190320210454.0 | ||
| 008 | 050717s1777----sp-#######---#000-0#spa-# | ||
| 041 | _aspa | ||
| 044 | _asp | ||
| 084 |
_aBE28 _b.F49 1777 |
||
| 100 | 1 |
_aFeyjoó y Montenegro, Benito Geronymo _d1676 - 1764 _921713 |
|
| 245 | 1 | 0 |
_aCartas eruditas, y curiosas, en que, por la mayor parte, se continua el designio del theatro critico universal, Impugnando, ó reduciendo á dudosas, varias opiniones comunes _cescritas por el muy ilustre señor D. Fr. Benito Geronymo Feyjoó y Montenegro, Maestro General del Orden de San Benito, el Consejo del S.M.Ec. |
| 260 |
_aMadrid _ben la imprenta Real de la Gazeta _c1777 |
||
| 300 |
_a14, 454 p. (t.5) _c21.6 x 15 cm |
||
| 500 | _aEn portada: Nueva impresión | ||
| 500 | _aEstado físico: presenta encuadernación en pergamino con cantos decorados y algunas hojas manchandas | ||
| 650 | 1 | 4 |
_aDrama español _xHistoria y critica _yObras anteriores a 1800 _921714 |
| 902 | _aCFM | ||
| 942 |
_2lcc _cB |
||
| 999 |
_c8604 _d8604 |
||